| 000 | 01213cam a2200301 a 4500 | ||
|---|---|---|---|
| 001 | 3035250 | ||
| 005 | 20250916104858.0 | ||
| 008 | 951103s1996 iluab b 001 0 eng | ||
| 020 |
_a0226816265 _qcloth : alk. paper |
||
| 020 |
_a0226816273 _qpaper : alk. paper |
||
| 020 |
_a9780226816265 _q(cloth : alk. paper) |
||
| 020 |
_a9780226816272 _q(paper : alk. paper) |
||
| 050 | 0 | 0 |
_aLB2369 _b.T8 1996 |
| 082 | 0 | 0 |
_a808/.02 _220 |
| 100 | 1 | _aTurabian, Kate L. | |
| 245 | 1 | 2 |
_aA manual for writers of term papers, theses, and dissertations / _cKate L. Turabian. |
| 250 | _a6th ed. / rev. by John Grossman and Alice Bennett. | ||
| 260 |
_aChicago : _bUniversity of Chicago Press, _c1996. |
||
| 300 |
_aix, 308 p. : _bill., 1 map ; _c23 cm. |
||
| 440 | 0 | _aChicago guides to writing, editing, and publishing | |
| 650 | 0 |
_aDissertations, Academic _xHandbooks, manuals, etc. |
|
| 650 | 0 |
_aAcademic writing _xHandbooks, manuals, etc. |
|
| 700 | 1 |
_aGrossman, John, _d1924- |
|
| 700 | 1 |
_aBennett, Alice, _d1938- |
|
| 856 | 4 | 2 |
_3Publisher description _uhttp://www.loc.gov/catdir/description/uchi051/95043267.html |
| 856 | 4 | 1 |
_3Table of contents _uhttp://www.loc.gov/catdir/toc/uchi051/95043267.html |
| 942 |
_2lcc _cBK _n0 |
||
| 999 |
_c7574 _d7574 |
||